000 00517nam a22001697a 4500
005 20251108164843.0
008 250721s1968 xx 000 0 ara d
082 1 4 _a891.51/سعد
100 1 _aالشيرازي، سعدي
245 1 0 _aالبستان /
264 1 _aدمشق :
_bوزارة الثقافه والسياحه والإرشاد القومي،
_c1968.
300 _a
650 1 7 _aالشعر الفارسي
700 1 _aالفراتي، محمد
_eترجمة
942 _2ddc
_cBK
999 _c15937
_d15937